000 00674nam a2200241Ia 4500
003 OSt
005 20220918190921.0
006 a|||||r|||| 00| 0
007 ta
008 220917b |||||||| |||| 00| 0 eng d
024 _a60,404
037 _cTextual
040 _aARTS
_cARTS
_beng
041 _2eng
_aeng
082 _aQ4:67.297, L9 (Q4)
100 _aKhosla Romi
_974114
245 0 _aBuddhist monasteries in the western Himalaya ed by H K Kuloy
260 _akathmandi
_bRatna pustak Bhandar
_c1979
300 _axiv,147p.
_ccm.
650 _aRELIGION
942 _hQ4:67.297, L9 (Q4)
_cTEXL
_2CC
999 _c187349
_d187349